000 00292nam a2200121Ia 4500
008 190216s9999||||xx |||||||||||||| ||und||
100 _aHassan
245 0 _aSikku Athva Bahudyyvathum
260 _bIslamic Publishing House
_c1987
300 _a306p
650 _aIslamic History
942 _cBK
999 _c21964
_d21964